[Event "Fossano Sociale op 2nd"]
[Site "Fossano"]
[Date "2016.09.26"]
[Round "3"]
[White "Aloi, Andrea"]
[Black "Garelli, Gianluca"]
[Result "0-1"]
[WhiteElo "1645"]
[BlackElo "1694"]
[PlyCount "104"]
[EventDate "2016.09.12"]
[EventType "swiss"]
[EventRounds "7"]
[EventCountry "ITA"]
[SourceTitle "EXT 2018"]
[Source "ChessBase"]
[SourceDate "2017.10.13"]
[SourceVersion "1"]
[SourceVersionDate "2017.10.13"]
[SourceQuality "1"]

1. e4 e6 2. d4 d5 3. e5 c5 4. c3 Nc6 5. Nf3 Bd7 6. a3 Qb6 7. b4 cxd4 8. cxd4 Nge7 9. Bb2 Nf5 10. Be2 Be7 11. 0-0 Nh4 12. Nbd2 Nxf3+ 13. Nxf3 a6 14. Qd2 Qd8 15. Rac1 g5 16. Ne1 h5 17. f4 g4 18. g3 b5 19. Bd3 Qb6 20. Qf2 0-0-0 21. Be2 Rdg8 22. Nd3 h4 23. Kg2 Kb8 24. Nc5 Bxc5 25. Rxc5 Qd8 26. Rh1 Ne7 27. Bd3 hxg3 28. hxg3 Rxh1 29. Kxh1 Rh8+ 30. Kg2 Rh3 31. Qe2 Qh8 32. Qxg4 Rh2+ 33. Kf3 Rxb2 34. Rc2 Qh1+ 35. Ke3 Qg1+ 36. Kd2 Rxc2+ 37. Kxc2 Qxd4 38. Qg5 Nc6 39. Qg8+ Kc7 40. Qxf7 Qf2+ 41. Kc3 Qxg3 42. Qf8 d4+ 43. Kd2 Qg2+ 44. Be2 Qd5 45. Qd6+ Qxd6 46. exd6+ Kxd6 47. Kd3 Be8 48. Bf3 Bg6+ 49. Be4 Bxe4+ 50. Kxe4 Ne7 51. Kxd4 Nd5 52. Ke4 Nc3+ 0-1